ბათუმის შოთა რუსთაველის სახელმწიფო უნივერსიტეტის ბიბლიოთეკა

ბიოენერგოაქტივატორი. (ბიბ.ჩანაწერი № 35437)

000 -LEADER
fixed length control field 00936nam a2200265Ia 4500
001 - CONTROL NUMBER
control field 1295
003 - CONTROL NUMBER IDENTIFIER
control field GE_BSU
008 - FIXED-LENGTH DATA ELEMENTS--GENERAL INFORMATION
fixed length control field 181216s||||||||xx |||||||||||||| ||und||
020 ## - INTERNATIONAL STANDARD BOOK NUMBER
International Standard Book Number 9992821558
040 ## - CATALOGING SOURCE
Transcribing agency GE_BSU
080 ## - UNIVERSAL DECIMAL CLASSIFICATION NUMBER
Universal Decimal Classification number 631.811.98
100 ## - MAIN ENTRY--PERSONAL NAME
Personal name გახოკიძე, რამაზ.
245 ## - TITLE STATEMENT
Title ბიოენერგოაქტივატორი.
245 ## - TITLE STATEMENT
Remainder of title უხვი მოსავლის მიღების საშუალება.
245 ## - TITLE STATEMENT
Statement of responsibility, etc. რედ: გ. კვსიტაძე.
260 ## - PUBLICATION, DISTRIBUTION, ETC.
Place of publication, distribution, etc. თბილისი
260 ## - PUBLICATION, DISTRIBUTION, ETC.
Name of publisher, distributor, etc. ჯისიაი
260 ## - PUBLICATION, DISTRIBUTION, ETC.
Date of publication, distribution, etc. 2002
300 ## - PHYSICAL DESCRIPTION
Extent 250 გვ. 19 სმ.
653 ## - INDEX TERM--UNCONTROLLED
Uncontrolled term ბიოენერგოაქტივატორი.
653 ## - INDEX TERM--UNCONTROLLED
Uncontrolled term სოფლის მეურნეობა
653 ## - INDEX TERM--UNCONTROLLED
Uncontrolled term უხვი მოსავლის მიღების საშუალება.
942 ## - ADDED ENTRY ELEMENTS (KOHA)
Koha item type წიგნი
ეგზემპლარები
Withdrawn status Lost status Damaged status Not for loan Date acquired Barcode Date last seen Price effective from Koha item type
        2018-12-17 2707 2018-12-17 2018-12-17 წიგნი